¿Qué pasó an el Aconcagua? / (Record no. 120052)

MARC details
000 -LEADER
campo de control de longitud fija 00534nam a2200181 4500
001 - NÚMERO DE CONTROL
campo de control 120052
003 - IDENTIFICADOR DE NÚMERO DE CONTROL
campo de control ES-MaACL
005 - FECHA Y HORA DE LA ÚLTIMA TRANSACCIÓN
campo de control 20231216062908.0
007 - CAMPO FIJO DE DESCRIPCIÓN FÍSICA--INFORMACIÓN GENERAL
campo de control de longitud fija t|
008 - DATOS DE LONGITUD FIJA--INFORMACIÓN GENERAL
campo de control de longitud fija 070214s1972 sp r ||||1| spa d
100 1# - ENTRADA PRINCIPAL--NOMBRE DE PERSONA
Nombre de persona Pérez de Tudela, César,
Fechas asociadas al nombre 1940-
9 (RLIN) 90808
245 11 - MENCIÓN DEL TÍTULO
Título ¿Qué pasó an el Aconcagua? /
Mención de responsabilidad, etc. César Pérez de Tudela.
250 ## - MENCION DE EDICION
Mención de edición 1ª. ed.
260 ## - PUBLICACIÓN, DISTRIBUCIÓN, ETC.
Lugar de publicación, distribución, etc. Madrid :
Nombre del editor, distribuidor, etc. [s.n.]1972,
Fecha de publicación, distribución, etc. Imp. Escolar.
300 ## - DESCRIPCIÓN FÍSICA
Extensión 238 p., 12 lám. ;
Dimensiones 20 cm.
852 ## - LOCALIZACIÓN
Ubicación ES-MaACL
Número de control de estantería C-44787
Sublocalización o colección R.81803
Holdings
Estatus retirado Estado de pérdida Estado de daño No para préstamo Biblioteca de origen Biblioteca actual Ubicación en estantería Fecha de adquisición Fuente de adquisición Total de préstamos Signatura topográfica completa Código de barras Visto por última vez Precio de reemplazo Tipo de ítem Koha
        Biblioteca del Ateneo de Madrid Biblioteca del Ateneo de Madrid Depósito 2 17/01/2008     C-44787 1125136 23/02/2023 23/02/2023 Libro impreso